2025 NASCAR Cup Series Drivers - Statistics

General Stats
  • This quiz has been taken 8,907 times
    2,681 since last reset
  • The average score is 33 of 46
Answer Stats
Team Car # Driver % Correct
Hendrick Motorsports 5 Kyle Larson
98%
Hendrick Motorsports 9 Chase Elliott
95%
Joe Gibbs Racing 11 Denny Hamlin
95%
Team Penske 22 Joey Logano
94%
Hendrick Motorsports 24 William Byron
93%
23XI Racing 23 Bubba Wallace
92%
Richard Childress Racing 8 Kyle Busch
91%
Team Penske 12 Ryan Blaney
91%
Hendrick Motorsports 48 Alex Bowman
90%
Joe Gibbs Racing 54 Ty Gibbs
90%
Joe Gibbs Racing 20 Christopher Bell
89%
Team Penske 2 Austin Cindric
87%
Trackhouse Racing 1 Ross Chastain
86%
RFK Racing 6 Brad Keselowski
85%
Joe Gibbs Racing 19 Chase Briscoe
85%
23XI Racing 45 Tyler Reddick
85%
Richard Childress Racing 3 Austin Dillon
84%
Trackhouse Racing 99 Daniel Suarez
81%
RFK Racing 17 Chris Buescher
79%
Kaulig Racing 10 Ty Dillon
79%
RFK Racing 60 Ryan Preece
77%
Trackhouse Racing 88 Shane van Gisbergen
77%
Legacy Motor Club 84* Jimmie Johnson
75%
Haas Factory Team 41 Cole Custer
70%
Legacy Motor Club 43 Erik Jones
70%
23XI Racing 35 Riley Herbst
70%
Spire Motorsports 77 Carson Hocevar
69%
Wood Brothers Racing 21 Josh Berry
69%
Front Row Motorsports 4 Noah Gragson
69%
Spire Motorsports 71 Michael McDowell
68%
Rick Ware Racing 51 Cody Ware
66%
Hyak Motorsports 47 Ricky Stenhouse Jr
66%
Kaulig Racing 16 AJ Allmendinger
64%
Legacy Motor Club 42 John Hunter Nemechek
64%
Front Row Motorsports 38 Zane Smith
61%
Spire Motorsports 7 Justin Haley
60%
Front Row Motorsports 34 Todd Gilliland
60%
Trackhouse Racing 87* Connor Zilisch
55%
Garage 66 66^ Chandler Smith
54%
Rick Ware Racing 01* Corey LaJoie
54%
Tricon Garage 56^ Martin Truex Jr
52%
JR Motorsports 40^ Justin Allgaier
48%
Live Fast Motorsports 78* BJ McLeod
44%
Trackhouse Racing 91^ Helio Castroneves
41%
NY Racing 44* JJ Yeley
39%
Beard Motorsports 62* Anthony Alfredo
33%
No matching quizzes found
Score Distribution
Percent of People with Each Score
Percentile by Number Answered
Your Score History
You have not taken this quiz since the last reset